000 00218nam a22000857a 4500
008 170112b xxu||||| |||| 00| 0 eng d
100 _92352
_aWadhavan.V.etal.
245 _aComputer Class-3
260 _aNew Delhi
_bRachna
_c2010
999 _c5301
_d5301